000 00833nam a22001815i 4500
001 164242
003 ES-MaACL
005 20250801201903.0
008 050728s1879 sz | |||||||| ||fre d
040 _aCAM
_bspa
_cCAM
100 1 _aSabio del Valle, Segundo.
_9101207
245 1 3 _aLa controverse pélagienne
_b: étude historico-criitique présentée à la Faculté de théologie de l'Eglise libre du canton de Vaud /
_cpar Segundo Sabio del Valle, pour obtenir le diplóme de licencié de théologie.
260 _aLausanne :
_b[s.n.],
_c1879 (
_fImprimerie Georges Bridel)
300 _a113 p. ;
_c22 cm.
650 7 _aTeología
_2embne
_917457
852 _aES-MaACL
_jT-545-F-3
_z-- Enc. hol. conservando la cub. original
_z-- Dedic. ms. del autor al Ateneo de Madrid
_z-- Enc. en un vol. facticio
999 _c164242
_d164242